Al servicio de la República : (Record no. 179512)

MARC details
000 -LEADER
campo de control de longitud fija 01151nam a2200301 i 4500
001 - NÚMERO DE CONTROL
campo de control 179512
003 - IDENTIFICADOR DE NÚMERO DE CONTROL
campo de control ES-MaACL
005 - FECHA Y HORA DE LA ÚLTIMA TRANSACCIÓN
campo de control 20240102161534.0
008 - DATOS DE LONGITUD FIJA--INFORMACIÓN GENERAL
campo de control de longitud fija 111219s2010 sp |||| | spa d
020 ## - NÚMERO INTERNACIONAL ESTÁNDAR DEL LIBRO
Número Internacional Estándar del Libro 978-84-92820-18-4
080 ## - NÚMERO DE LA CLASIFICACIÓN DECIMAL UNIVERSAL
Número de la Clasificación Decimal Universal 341.71(460)"19"
080 ## - NÚMERO DE LA CLASIFICACIÓN DECIMAL UNIVERSAL
Número de la Clasificación Decimal Universal 94(460)"1931/39"
080 ## - NÚMERO DE LA CLASIFICACIÓN DECIMAL UNIVERSAL
Número de la Clasificación Decimal Universal 327(460)"1931/39"
245 00 - MENCIÓN DEL TÍTULO
Título Al servicio de la República :
Resto del título diplomáticos y guerra civil /
Mención de responsabilidad, etc. Ángel Viñas (dir.).
260 ## - PUBLICACIÓN, DISTRIBUCIÓN, ETC.
Lugar de publicación, distribución, etc. Madrid :
Nombre del editor, distribuidor, etc. Ministerio de Asuntos Exteriores y de Cooperación :
-- Marcial Pons Historia,
Fecha de publicación, distribución, etc. 2010.
300 ## - DESCRIPCIÓN FÍSICA
Extensión 557 p. :
Otras características físicas il., map. ;
Dimensiones 23 cm.
490 1# - MENCIÓN DE SERIE
Mención de serie Coediciones
650 #4 - PUNTO DE ACCESO ADICIONAL DE MATERIA--TÉRMINO DE MATERIA
Término de materia o nombre geográfico como elemento de entrada Diplomáticos-
Subdivisión geográfica España-
Subdivisión de forma Historia.
9 (RLIN) 11919
651 #4 - PUNTO DE ACCESO ADICIONAL DE MATERIA--NOMBRE GEOGRÁFICO
Nombre geográfico España-
Subdivisión general Historia-
Subdivisión cronológica 1931-1939, II República.
9 (RLIN) 8283
651 #4 - PUNTO DE ACCESO ADICIONAL DE MATERIA--NOMBRE GEOGRÁFICO
Nombre geográfico España-
Subdivisión general Política exterior-
Subdivisión cronológica 1931-1939.
9 (RLIN) 8423
700 1# - ENTRADA AGREGADA--NOMBRE PERSONAL
Nombre de persona Viñas, Ángel,
Fechas asociadas al nombre 1941-
9 (RLIN) 115369
710 1# - ENTRADA AGREGADA--NOMBRE DE ENTIDAD CORPORATIVA
Nombre de entidad corporativa o nombre de jurisdicción como elemento de entrada España.
Unidad subordinada Ministerio de Asuntos Exteriores y de Cooperación.
9 (RLIN) 3847
830 1# - PUNTO DE ACCESO ADICIONAL DE SERIE-TÍTULO UNIFORME
Título uniforme Coediciones
9 (RLIN) 191111
852 4# - LOCALIZACIÓN
Ubicación ES-MaACL
itemnumber 186407
Sublocalización o colección R.146066
Número de control de estantería A-11511
Signatura antigua Olim: N-4515
Ubicación en estantería Depósito 1
942 ## - ELEMENTOS DE ENTRADA SECUNDARIOS (KOHA)
Fuente del sistema de clasificación o colocación Clasificación decimal universal
Tipo de ítem Koha Libro impreso
Holdings
Estatus retirado Estado de pérdida Fuente del sistema de clasificación o colocación Estado de daño No para préstamo Biblioteca de origen Biblioteca actual Ubicación en estantería Fecha de adquisición Fuente de adquisición Total de préstamos Signatura topográfica completa Código de barras Visto por última vez Precio de reemplazo Tipo de ítem Koha
    Clasificación decimal universal     Biblioteca del Ateneo de Madrid Biblioteca del Ateneo de Madrid Depósito 1 19/12/2011 Donación   A-11511 1188583 23/02/2023 23/02/2023 Libro impreso